Barns / (Record no. 71788)

MARC details
000 -LEADER
campo de control de longitud fija 02354cam a22005534a 4500
001 - NÚMERO DE CONTROL
campo de control 48314
005 - FECHA Y HORA DE LA ÚLTIMA TRANSACCIÓN
campo de control 20230410124135.0
008 - DATOS DE LONGITUD FIJA--INFORMACIÓN GENERAL
campo de control de longitud fija 020920s2003 nyuab b 001 0 eng
010 ## - NÚMERO DE CONTROL DE LA BIBLIOTECA DEL CONGRESO
Número de control de LC 2002035741
035 ## - NÚMERO DE CONTROL DEL SISTEMA
Número de control de sistema (OCoLC)ocm50693131
040 ## - FUENTE DE CATALOGACIÓN
Centro catalogador/agencia de origen DLC
Centro/agencia transcriptor DLC
Centro/agencia modificador YDX
-- UKM
-- AGL
-- YBM
-- MUQ
-- BAKER
-- BTCTA
-- YDXCP
015 ## - NÚMERO DE BIBLIOGRAFÍA NACIONAL
Número de bibliografía nacional GBA3-Y8484
020 ## - NÚMERO INTERNACIONAL ESTÁNDAR DEL LIBRO
Número Internacional Estándar del Libro 0393730867
020 ## - NÚMERO INTERNACIONAL ESTÁNDAR DEL LIBRO
Número Internacional Estándar del Libro 9780393730869
020 ## - NÚMERO INTERNACIONAL ESTÁNDAR DEL LIBRO
Número Internacional Estándar del Libro 0393105415 (CD)
020 ## - NÚMERO INTERNACIONAL ESTÁNDAR DEL LIBRO
Número Internacional Estándar del Libro 9780393105414 (CD)
029 1# - OTRO NÚMERO DE CONTROL DE SISTEMA (OCLC)
Identificador de la biblioteca OCLC UKM
Número de control de sistema bA3Y8484
029 1# - OTRO NÚMERO DE CONTROL DE SISTEMA (OCLC)
Identificador de la biblioteca OCLC YDXCP
Número de control de sistema 1893719
029 1# - OTRO NÚMERO DE CONTROL DE SISTEMA (OCLC)
Identificador de la biblioteca OCLC NZ1
Número de control de sistema 7208574
035 ## - NÚMERO DE CONTROL DEL SISTEMA
Número de control de sistema (OCoLC)50693131
042 ## - CÓDIGO DE AUTENTICACIÓN
Código de autenticación pcc
043 ## - CÓDIGO DE ÁREA GEOGRÁFICA
Código de área geográfica n-us---
050 14 - SIGNATURA TOPOGRÁFICA DE LA BIBLIOTECA DEL CONGRESO
Número de clasificación NA 8230
Número de ítem V865b 2003
082 00 - NÚMERO DE LA CLASIFICACIÓN DECIMAL DEWEY
Número de clasificación 728/.922/0973
049 ## - FONDOS LOCALES (OCLC)
Biblioteca depositaria GRAL
100 1# - ENTRADA PRINCIPAL--NOMBRE DE PERSONA
Nombre de persona Vlach, John Michael,
Fechas asociadas al nombre 1948-
245 10 - MENCIÓN DEL TÍTULO
Título Barns /
Mención de responsabilidad, etc. John Michael Vlach.
250 ## - MENCION DE EDICION
Mención de edición 1st ed.
260 ## - PUBLICACIÓN, DISTRIBUCIÓN, ETC.
Lugar de publicación, distribución, etc. New York :
Nombre del editor, distribuidor, etc. W. W. Norton & Co. ;
Lugar de publicación, distribución, etc. Washington, D.C. :
Nombre del editor, distribuidor, etc. Library of Congress,
Fecha de publicación, distribución, etc. c2003.
300 ## - DESCRIPCIÓN FÍSICA
Extensión 400 p. :
Otras características físicas ill., map ;
Dimensiones 29 cm. +
Material acompañante/anejo 1 computer optical disc.
440 #0 - MENCIÓN DE SERIE/PUNTO DE ACCESO ADICIONAL--TÍTULO
Título Norton/Library of Congress visual sourcebooks in architecture, design, and engineering
500 ## - NOTA GENERAL
Nota general "Project of the Center for Architecture, Design and Engineering in the Library of Congress"--T.p. verso.
504 ## - NOTA DE BIBLIOGRAFÍA, ETC.
Nota de bibliografía, etc. Includes bibliographical references (p. 377-384) and index.
500 ## - NOTA GENERAL
Nota general Computer optical disc in pocket of back cover titled: Images from Barns / by John Michael Vlach. [New York] : W.W. Norton & Co., c2003.
500 ## - NOTA GENERAL
Nota general In Prints & Photographs Reading Room; computer optical disc shelved with CD/ROMs (NOT in pocket of back cover).
505 0# - NOTA DE CONTENIDO CON FORMATO
Nota de contenido con formato New England -- Shaker communities -- The Mid-Atlantic -- The lowland South -- The upland South -- The Midwest -- The Southwest -- The West -- The Far West.
538 ## - NOTA DE DETALLES DEL SISTEMA
Nota de detalles del sistema System requirements for CD-ROM: Macintosh and Windows.
650 #0 - PUNTO DE ACCESO ADICIONAL DE MATERIA--TÉRMINO DE MATERIA
Término de materia o nombre geográfico como elemento de entrada Barns
Subdivisión geográfica United States.
650 #6 - PUNTO DE ACCESO ADICIONAL DE MATERIA--TÉRMINO DE MATERIA
Término de materia o nombre geográfico como elemento de entrada Granges
Subdivisión geográfica Etats-Unis.
650 #4 - PUNTO DE ACCESO ADICIONAL DE MATERIA--TÉRMINO DE MATERIA
Término de materia o nombre geográfico como elemento de entrada Granjas
Subdivisión geográfica Estados Unidos
710 2# - ENTRADA AGREGADA--NOMBRE DE ENTIDAD CORPORATIVA
Nombre de entidad corporativa o nombre de jurisdicción como elemento de entrada Center for Architecture, Design and Engineering (U.S.)
856 ## - LOCALIZACIÓN Y ACCESO ELECTRÓNICOS
Materiales especificados Mas?... busque en WorldCat (solo desde FUNGLODE)
Identificador Uniforme de Recursos <a href="http://www.firstsearch.oclc.org/fsip">http://www.firstsearch.oclc.org/fsip</a>
938 ## -
-- Baker & Taylor
-- BKTY
-- 75.00
-- 56.25
-- 0393730867
-- 0003981740
-- active
938 ## -
-- Baker and Taylor
-- BTCP
-- 2002035741
938 ## -
-- YBP Library Services
-- YANK
-- 1893719
942 ## - ELEMENTOS DE ENTRADA SECUNDARIOS (KOHA)
Fuente del sistema de clasificación o colocación Clasificación de Library of Congress
Tipo de ítem Koha
994 ## -
-- C0
-- DRFGD
946 ## - PROCESAMIENTO DE INFORMACIÓN LOCAL (OCLC)
a lmminaya
Holdings
Estatus retirado Estado de pérdida Fuente del sistema de clasificación o colocación Estado de daño No para préstamo Colección Biblioteca de origen Biblioteca actual Ubicación en estantería Fecha de adquisición Serial enumeration / chronology Signatura topográfica completa Código de barras Visto por última vez Copia número Tipo de ítem Koha
    Clasificación de Library of Congress     Humanidades Biblioteca Juan Bosch Biblioteca Juan Bosch Humanidades (4to. Piso) 10/04/2023 1 NA 8230 V865b 2003 00000049152 25/10/2018 1